000 00225nam a2200097Ia 4500
008 240331s9999 xx 000 0 und d
082 _bMUT
100 _aSenthilnathan,S.V
245 0 _aIndiath thathuvangalin arasial
942 _cL
999 _c4764
_d4764